<?xml version="1.0" encoding="UTF-8"?>
<record
    xmlns:xsi="http://www.w3.org/2001/XMLSchema-instance"
    xsi:schemaLocation="http://www.loc.gov/MARC21/slim http://www.loc.gov/standards/marcxml/schema/MARC21slim.xsd"
    xmlns="http://www.loc.gov/MARC21/slim">

  <leader>00785nam a22002177a 4500</leader>
  <datafield tag="999" ind1=" " ind2=" ">
    <subfield code="c">4461</subfield>
    <subfield code="d">4461</subfield>
  </datafield>
  <controlfield tag="003">AR-CdUCM</controlfield>
  <controlfield tag="008">190308b           ||||| |||| 00| 0 spa d</controlfield>
  <datafield tag="040" ind1=" " ind2=" ">
    <subfield code="a">MUNICIPALIDAD PROVINCIAL DEL CUSCO</subfield>
    <subfield code="c">BIBLIOTECA MUNICIPAL DEL CUSCO</subfield>
  </datafield>
  <datafield tag="082" ind1=" " ind2=" ">
    <subfield code="a">792.22 /</subfield>
    <subfield code="b">S68</subfield>
  </datafield>
  <datafield tag="100" ind1=" " ind2=" ">
    <subfield code="a">Soria, Mario T.</subfield>
  </datafield>
  <datafield tag="245" ind1=" " ind2=" ">
    <subfield code="a">Teatro boliviano en el siglo XX /</subfield>
  </datafield>
  <datafield tag="260" ind1=" " ind2=" ">
    <subfield code="a">Bolivia :</subfield>
    <subfield code="b">Casa Municipal de la Cultura Franz Tamayo,</subfield>
    <subfield code="c">1980.</subfield>
  </datafield>
  <datafield tag="300" ind1=" " ind2=" ">
    <subfield code="a">237 p&#xE1;ginas ;</subfield>
    <subfield code="b">im&#xE1;genes.</subfield>
    <subfield code="c">18 cm.</subfield>
  </datafield>
  <datafield tag="505" ind1=" " ind2=" ">
    <subfield code="a">Carlos Miguel Suarez Radillo -- Seis dramaturgos bolivianos -- Teatro boliviano -- Obras selectas de consulta...</subfield>
  </datafield>
  <datafield tag="650" ind1=" " ind2=" ">
    <subfield code="a">Teatro.</subfield>
    <subfield code="9">173</subfield>
  </datafield>
  <datafield tag="650" ind1=" " ind2=" ">
    <subfield code="a">Bolivia.</subfield>
    <subfield code="9">1138</subfield>
  </datafield>
  <datafield tag="650" ind1=" " ind2=" ">
    <subfield code="a">Dramaturgos.</subfield>
    <subfield code="9">5743</subfield>
  </datafield>
  <datafield tag="650" ind1=" " ind2=" ">
    <subfield code="a">Literatura boliviana.</subfield>
    <subfield code="9">4271</subfield>
  </datafield>
  <datafield tag="942" ind1=" " ind2=" ">
    <subfield code="2">ddc</subfield>
    <subfield code="c">LIBROS</subfield>
  </datafield>
  <datafield tag="945" ind1=" " ind2=" ">
    <subfield code="a">wfj</subfield>
    <subfield code="d">2019-03-08</subfield>
  </datafield>
  <datafield tag="952" ind1=" " ind2=" ">
    <subfield code="0">0</subfield>
    <subfield code="2">ddc</subfield>
    <subfield code="4">0</subfield>
    <subfield code="7">0</subfield>
    <subfield code="a">SA</subfield>
    <subfield code="b">SA</subfield>
    <subfield code="c">CART</subfield>
    <subfield code="d">2019-03-08</subfield>
    <subfield code="g">25.00</subfield>
    <subfield code="o">792.22 / S68</subfield>
    <subfield code="p">SA0000000231</subfield>
    <subfield code="r">2019-03-08</subfield>
    <subfield code="y">LIBROS</subfield>
  </datafield>
  <datafield tag="952" ind1=" " ind2=" ">
    <subfield code="0">0</subfield>
    <subfield code="2">ddc</subfield>
    <subfield code="4">0</subfield>
    <subfield code="7">0</subfield>
    <subfield code="a">SA</subfield>
    <subfield code="b">SA</subfield>
    <subfield code="c">CART</subfield>
    <subfield code="d">2019-03-08</subfield>
    <subfield code="g">25.00</subfield>
    <subfield code="o">792.22 / S68 / e.2</subfield>
    <subfield code="p">SA0000000265</subfield>
    <subfield code="r">2019-03-12</subfield>
    <subfield code="t">2 ej.</subfield>
    <subfield code="y">LIBROS</subfield>
  </datafield>
</record>
